| 000 | 00697nam a2200217 i 4500 | ||
|---|---|---|---|
| 001 | 143368 | ||
| 003 | ES-MaACL | ||
| 005 | 20250801063042.0 | ||
| 007 | t| | ||
| 008 | 070214s1975 sp r ||||1| spa d | ||
| 100 | 1 |
_aSerrano de Haro, Antonio, _d1929- _9105746 |
|
| 245 | 1 | 0 |
_aPersonalidad y destino de Jorge Manrique / _cAntonio Serrano de Haro. |
| 250 | _a2ª ed. rev. | ||
| 260 |
_aMadrid : _bGredos, _c1975 ( _fCóndor) |
||
| 300 |
_a449 p. ; _c20 cm. |
||
| 490 | 0 |
_aBiblioteca románica hispánica. II. Estudios y ensayos ; _v93 _9178108 |
|
| 600 | 0 |
_aManrique, Jorge, _d1440?-1479 _9178074 |
|
| 852 |
_aES-MaACL _jE-8615 _bR.92975 |
||
| 942 | _2udc | ||
| 999 |
_c143368 _d143368 |
||